[Event "Benidorm Satellite preliminary"]
[Site "playchess.com #007036"]
[Date "2009.10.24"]
[Round "9"]
[White "Phlegias"]
[Black "Paradoks10"]
[Result "1-0"]
[WhiteElo "1939"]
[BlackElo "1684"]
[PlyCount "107"]
[EventDate "2009.10.24"]
[EventType "swiss (blitz)"]

1. e4 {[%emt 0:00:01]} c5 {[%emt 0:00:02]} 2. Nc3 {[%emt 0:00:01]} d6 {[%emt 0:
00:02]} 3. Nf3 {[%emt 0:00:02]} Nf6 {[%emt 0:00:02]} 4. d4 {[%emt 0:00:02]}
cxd4 {[%emt 0:00:02]} 5. Nxd4 {[%emt 0:00:00]} g6 {[%emt 0:00:02]} 6. Be3 {
[%emt 0:00:02]} Bg7 {[%emt 0:00:01]} 7. f3 {[%emt 0:00:02]} Nc6 {[%emt 0:00:02]
} 8. Qd2 {[%emt 0:00:01]} O-O {[%emt 0:00:02]} 9. O-O-O {[%emt 0:00:01]} a6 {
[%emt 0:00:01]} 10. h4 {[%emt 0:00:05]} Qc7 {[%emt 0:00:01]} 11. h5 {[%emt 0:
00:03]} b5 {[%emt 0:00:11]} 12. hxg6 {[%emt 0:00:10]} fxg6 {[%emt 0:00:00]} 13.
Nd5 {[%emt 0:00:15]} Nxd5 {[%emt 0:00:08]} 14. exd5 {[%emt 0:00:01]} Nxd4 {
[%emt 0:00:06]} 15. Bxd4 {[%emt 0:00:01]} Bf5 {[%emt 0:00:03]} 16. Bxg7 {[%emt
0:00:03]} Kxg7 {[%emt 0:00:02]} 17. g4 {[%emt 0:00:03]} Qxc2+ {[%emt 0:00:19]}
18. Qxc2 {[%emt 0:00:04]} Bxc2 {[%emt 0:00:02]} 19. Kxc2 {[%emt 0:00:01]} Rxf3
{[%emt 0:00:01]} 20. Rd2 {[%emt 0:00:11]} Rc8+ {[%emt 0:00:04]} 21. Kb1 {[%emt
0:00:02]} Re3 {[%emt 0:00:05]} 22. Bd3 {[%emt 0:00:11]} Rg3 {[%emt 0:00:05]}
23. a4 {[%emt 0:00:13]} Rc5 {[%emt 0:00:09]} 24. axb5 {[%emt 0:00:02]} axb5 {
[%emt 0:00:02]} 25. Bc2 {[%emt 0:00:02]} Rxg4 {[%emt 0:00:04]} 26. Re1 {[%emt
0:00:05]} Kf7 {[%emt 0:00:05]} 27. Rf2+ {[%emt 0:00:01]} Ke8 {[%emt 0:00:02]}
28. Rfe2 {[%emt 0:00:01]} Rc7 {[%emt 0:00:03]} 29. Re6 {[%emt 0:00:05]} Kd8 {
[%emt 0:00:04]} 30. Rh1 {[%emt 0:00:05]} b4 {[%emt 0:00:09]} 31. Rxh7 {[%emt 0:
00:06]} Rg1+ {[%emt 0:00:03]} 32. Ka2 {[%emt 0:00:02]} Rxc2 {[%emt 0:00:02]}
33. Rexe7 {[%emt 0:00:05]} Rc8 {[%emt 0:00:09]} 34. Reg7 {[%emt 0:00:07]} Re1 {
[%emt 0:00:11]} 35. Rg8+ {[%emt 0:00:11]} Re8 {[%emt 0:00:02]} 36. Rxg6 {[%emt
0:00:01]} Rc7 {[%emt 0:00:04]} 37. Rxd6+ {[%emt 0:00:03]} Kc8 {[%emt 0:00:01]}
38. Rh4 {[%emt 0:00:41]} Rb7 {[%emt 0:00:20]} 39. Rc6+ {[%emt 0:00:05]} Kb8 {
[%emt 0:00:06]} 40. Rcc4 {[%emt 0:00:27]} b3+ {[%emt 0:00:10]} 41. Ka3 {[%emt
0:00:01]} Re1 {[%emt 0:00:07]} 42. Rb4 {[%emt 0:00:06]} Ra1+ {[%emt 0:00:02]}
43. Kxb3 {[%emt 0:00:01]} Rd1 {[%emt 0:00:05] Paradoks10 offers a draw} 44.
Rxb7+ {[%emt 0:00:04]} Kxb7 {[%emt 0:00:02]} 45. Kc4 {[%emt 0:00:02]} Kc7 {
[%emt 0:00:06]} 46. Rh6 {[%emt 0:00:06]} Rc1+ {[%emt 0:00:03]} 47. Kb5 {[%emt
0:00:01]} Rc2 {[%emt 0:00:04]} 48. b4 {[%emt 0:00:02]} Rd2 {[%emt 0:00:05]} 49.
d6+ {[%emt 0:00:01]} Kd7 {[%emt 0:00:08]} 50. Kb6 {[%emt 0:00:03]} Rd4 {[%emt
0:00:04]} 51. b5 {[%emt 0:00:01]} Rd5 {[%emt 0:00:02]} 52. Ka6 {[%emt 0:00:11]}
Kc8 {[%emt 0:00:05]} 53. b6 {[%emt 0:00:05]} Kb8 {[%emt 0:00:02]} 54. Rh8# {
[%emt 0:00:02] (Lag: Av=0.54s, max=1.4s)} 1-0

[Event "Benidorm Satellite preliminary"]
[Site "playchess.com #007036"]
[Date "2009.10.24"]
[Round "9"]
[White "chanwxt"]
[Black "Rashid"]
[Result "1-0"]
[WhiteElo "2768"]
[BlackElo "2120"]
[PlyCount "76"]
[EventDate "2009.10.24"]
[EventType "swiss (blitz)"]

1. e4 {[%emt 0:00:01]} e5 {[%emt 0:00:02]} 2. Nf3 {[%emt 0:00:03]} Nc6 {[%emt
0:00:02]} 3. Bb5 {[%emt 0:00:01]} f5 {[%emt 0:00:01]} 4. d3 {[%emt 0:00:02]}
fxe4 {[%emt 0:00:04]} 5. dxe4 {[%emt 0:00:01]} Nf6 {[%emt 0:00:00]} 6. Nc3 {
[%emt 0:00:00]} d6 {[%emt 0:00:02]} 7. O-O {[%emt 0:00:04]} Be7 {[%emt 0:00:05]
} 8. Bc4 {[%emt 0:00:05]} Na5 {[%emt 0:00:05]} 9. Bb5+ {[%emt 0:00:06]} Nc6 {
[%emt 0:00:02]} 10. Bg5 {[%emt 0:00:02]} O-O {[%emt 0:00:02]} 11. h3 {[%emt 0:
00:02]} Re8 {[%emt 0:00:03]} 12. Qe2 {[%emt 0:00:04]} Rf8 {[%emt 0:00:01]} 13.
Rad1 {[%emt 0:00:01]} Qe8 {[%emt 0:00:01]} 14. Nd5 {[%emt 0:00:05]} Nxd5 {
[%emt 0:00:13]} 15. exd5 {[%emt 0:00:01]} a6 {[%emt 0:00:13]} 16. Bd3 {[%emt 0:
00:34]} Nb8 {[%emt 0:00:16]} 17. Qe4 {[%emt 0:00:24]} Bf5 {[%emt 0:00:07]} 18.
Qh4 {[%emt 0:00:02]} Bxg5 {[%emt 0:00:16]} 19. Nxg5 {[%emt 0:00:02]} Bxd3 {
[%emt 0:00:04]} 20. Rxd3 {[%emt 0:00:03]} h6 {[%emt 0:00:12]} 21. Ne6 {[%emt 0:
00:02]} Rf7 {[%emt 0:00:03]} 22. Rg3 {[%emt 0:00:03]} Kh7 {[%emt 0:00:09]} 23.
Ng5+ {[%emt 0:00:03]} Kh8 {[%emt 0:00:08]} 24. Nxf7+ {[%emt 0:00:02]} Qxf7 {
[%emt 0:00:00]} 25. f4 {[%emt 0:00:01]} e4 {[%emt 0:00:06]} 26. f5 {[%emt 0:00:
08]} Nd7 {[%emt 0:00:11]} 27. Qxe4 {[%emt 0:00:02]} Nf6 {[%emt 0:00:01]} 28.
Qe6 {[%emt 0:00:01]} Qf8 {[%emt 0:00:06]} 29. Qe3 {[%emt 0:00:19]} Re8 {[%emt
0:00:02]} 30. Qd3 {[%emt 0:00:03]} Re5 {[%emt 0:00:03]} 31. c4 {[%emt 0:00:01]}
Qe7 {[%emt 0:00:06]} 32. Kh2 {[%emt 0:00:02]} Re4 {[%emt 0:00:11]} 33. Rff3 {
[%emt 0:00:05]} Qe5 {[%emt 0:00:03]} 34. Re3 {[%emt 0:00:03]} h5 {[%emt 0:00:
11]} 35. Kh1 {[%emt 0:00:13]} Qxf5 {[%emt 0:00:12]} 36. Rgf3 {[%emt 0:00:02]}
Qe5 {[%emt 0:00:22]} 37. Rxf6 {[%emt 0:00:03]} gxf6 {[%emt 0:00:30]} 38. Qxe4 {
[%emt 0:00:02]} Qh2+ {[%emt 0:00:00] Rashid gibt auf} 1-0

[Event "Benidorm Satellite preliminary"]
[Site "playchess.com #007036"]
[Date "2009.10.24"]
[Round "9"]
[White "FaIlWoRd"]
[Black "Kendo"]
[Result "0-1"]
[WhiteElo "2704"]
[BlackElo "2672"]
[PlyCount "116"]
[EventDate "2009.10.24"]
[EventType "swiss (blitz)"]

1. e4 {[%emt 0:00:01]} e6 {[%emt 0:00:01]} 2. b3 {[%emt 0:00:01]} d5 {[%emt 0:
00:04]} 3. Bb2 {[%emt 0:00:01]} dxe4 {[%emt 0:00:03]} 4. Nc3 {[%emt 0:00:01]}
Nf6 {[%emt 0:00:01]} 5. g4 {[%emt 0:00:01]} h6 {[%emt 0:00:13]} 6. Bg2 {[%emt
0:00:01]} Bd7 {[%emt 0:00:04]} 7. Nxe4 {[%emt 0:00:01]} Nxe4 {[%emt 0:00:02]}
8. Bxe4 {[%emt 0:00:00]} Bc6 {[%emt 0:00:01]} 9. Qf3 {[%emt 0:00:02]} Bxe4 {
[%emt 0:00:03]} 10. Qxe4 {[%emt 0:00:00]} Qd5 {[%emt 0:00:01]} 11. Qxd5 {[%emt
0:00:01]} exd5 {[%emt 0:00:00]} 12. O-O-O {[%emt 0:00:03]} Nc6 {[%emt 0:00:04]}
13. Re1+ {[%emt 0:00:08]} Kd7 {[%emt 0:00:03]} 14. Nf3 {[%emt 0:00:01]} Rg8 {
[%emt 0:00:13]} 15. Re2 {[%emt 0:00:19]} Bd6 {[%emt 0:00:05]} 16. Rhe1 {[%emt
0:00:02]} g6 {[%emt 0:00:12]} 17. d4 {[%emt 0:00:41]} Bf4+ {[%emt 0:00:12]} 18.
Kd1 {[%emt 0:00:03]} Rae8 {[%emt 0:00:16]} 19. h3 {[%emt 0:00:32]} Rxe2 {[%emt
0:00:04]} 20. Rxe2 {[%emt 0:00:00]} Re8 {[%emt 0:00:02]} 21. Rxe8 {[%emt 0:00:
03]} Kxe8 {[%emt 0:00:00]} 22. Ke2 {[%emt 0:00:21]} Kd7 {[%emt 0:00:07]} 23. a3
{[%emt 0:00:03]} Ke6 {[%emt 0:00:03]} 24. Kd3 {[%emt 0:00:01]} Nb8 {[%emt 0:00:
08]} 25. c4 {[%emt 0:00:02]} c6 {[%emt 0:00:11]} 26. Bc3 {[%emt 0:00:10]} Nd7 {
[%emt 0:00:12]} 27. Bd2 {[%emt 0:00:01]} Bxd2 {[%emt 0:00:14]} 28. Kxd2 {[%emt
0:00:08]} Nf6 {[%emt 0:00:02]} 29. Ke3 {[%emt 0:00:12]} Ne4 {[%emt 0:00:10]}
30. Ne5 {[%emt 0:00:05]} Nc3 {[%emt 0:00:19]} 31. f3 {[%emt 0:00:17]} dxc4 {
[%emt 0:00:07]} 32. bxc4 {[%emt 0:00:03]} Nd1+ {[%emt 0:00:22]} 33. Ke2 {[%emt
0:00:18]} Nb2 {[%emt 0:00:01]} 34. c5 {[%emt 0:00:11]} g5 {[%emt 0:00:08]} 35.
Kd2 {[%emt 0:00:11]} f6 {[%emt 0:00:01]} 36. Nd3 {[%emt 0:00:04]} Nc4+ {[%emt
0:00:03]} 37. Kc3 {[%emt 0:00:02]} Nxa3 {[%emt 0:00:00]} 38. f4 {[%emt 0:00:01]
} Kd5 {[%emt 0:00:05]} 39. fxg5 {[%emt 0:00:01]} hxg5 {[%emt 0:00:04]} 40. Nb4+
{[%emt 0:00:01]} Ke4 {[%emt 0:00:01]} 41. Kb3 {[%emt 0:00:02]} Nb5 {[%emt 0:00:
02]} 42. d5 {[%emt 0:00:00]} cxd5 {[%emt 0:00:01]} 43. c6 {[%emt 0:00:01]} bxc6
{[%emt 0:00:03]} 44. Nxc6 {[%emt 0:00:01]} Nd4+ {[%emt 0:00:01]} 45. Nxd4 {
[%emt 0:00:00]} Kxd4 {[%emt 0:00:00]} 46. Ka4 {[%emt 0:00:01]} Ke4 {[%emt 0:00:
04]} 47. h4 {[%emt 0:00:01]} gxh4 {[%emt 0:00:01]} 48. g5 {[%emt 0:00:03]} fxg5
{[%emt 0:00:01]} 49. Ka5 {[%emt 0:00:03]} h3 {[%emt 0:00:01]} 50. Ka6 {[%emt 0:
00:00]} h2 {[%emt 0:00:00]} 51. Kxa7 {[%emt 0:00:00]} h1=Q {[%emt 0:00:00]} 52.
Kb6 {[%emt 0:00:00]} Qc1 {[%emt 0:00:01]} 53. Kb5 {[%emt 0:00:01]} Qc4+ {[%emt
0:00:02]} 54. Ka5 {[%emt 0:00:01]} Qb3 {[%emt 0:00:02]} 55. Ka6 {[%emt 0:00:01]
} d4 {[%emt 0:00:01]} 56. Ka5 {[%emt 0:00:00]} Kd5 {[%emt 0:00:02]} 57. Ka6 {
[%emt 0:00:00]} Kc6 {[%emt 0:00:01]} 58. Ka5 {[%emt 0:00:00]} Qb5# {[%emt 0:00:
01]} 0-1

[Event "Benidorm Satellite preliminary"]
[Site "playchess.com #007036"]
[Date "2009.10.24"]
[Round "9"]
[White "Bobby Short"]
[Black "Alexrules01"]
[Result "0-1"]
[WhiteElo "1422"]
[BlackElo "1595"]
[PlyCount "92"]
[EventDate "2009.10.24"]
[EventType "swiss (blitz)"]

1. d4 {[%emt 0:00:05]} Nf6 {[%emt 0:00:02]} 2. c4 {[%emt 0:00:01]} g6 {[%emt 0:
00:01]} 3. Nc3 {[%emt 0:00:00]} Bg7 {[%emt 0:00:01]} 4. e4 {[%emt 0:00:03]} d6
{[%emt 0:00:00]} 5. Be3 {[%emt 0:00:01]} O-O {[%emt 0:00:00]} 6. Nf3 {[%emt 0:
00:01]} e5 {[%emt 0:00:03]} 7. d5 {[%emt 0:00:02]} Nbd7 {[%emt 0:00:09]} 8. Be2
{[%emt 0:00:01]} Ng4 {[%emt 0:00:04]} 9. Bg5 {[%emt 0:00:07]} f6 {[%emt 0:00:
02]} 10. Bc1 {[%emt 0:00:04]} Nh6 {[%emt 0:00:06]} 11. h4 {[%emt 0:00:03]} f5 {
[%emt 0:00:02]} 12. h5 {[%emt 0:00:06]} Qe8 {[%emt 0:00:34]} 13. Ng5 {[%emt 0:
00:09]} Nf7 {[%emt 0:00:10]} 14. Ne6 {[%emt 0:00:06]} Nc5 {[%emt 0:00:10]} 15.
Nxf8 {[%emt 0:00:11]} Qxf8 {[%emt 0:00:01]} 16. hxg6 {[%emt 0:00:01]} hxg6 {
[%emt 0:00:02]} 17. exf5 {[%emt 0:00:06]} gxf5 {[%emt 0:00:07]} 18. b4 {[%emt
0:00:01]} Nd7 {[%emt 0:00:07]} 19. Bh5 {[%emt 0:00:10]} Nf6 {[%emt 0:00:03]}
20. Bxf7+ {[%emt 0:00:07]} Qxf7 {[%emt 0:00:02]} 21. Bg5 {[%emt 0:00:04]} Bd7 {
[%emt 0:00:07]} 22. Bxf6 {[%emt 0:00:02]} Qxf6 {[%emt 0:00:02]} 23. Qh5 {[%emt
0:00:21]} e4 {[%emt 0:00:08]} 24. Qh7+ {[%emt 0:00:07]} Kf7 {[%emt 0:00:01]}
25. Qh5+ {[%emt 0:00:05]} Ke7 {[%emt 0:00:06]} 26. O-O {[%emt 0:01:06]} Qxc3 {
[%emt 0:00:08]} 27. Qg6 {[%emt 0:00:16]} Rh8 {[%emt 0:00:11]} 28. Rae1 {[%emt
0:00:10]} Qe5 {[%emt 0:00:10]} 29. f3 {[%emt 0:00:07]} Qh2+ {[%emt 0:00:39] '}
30. Kf2 {[%emt 0:00:01]} Bd4+ {[%emt 0:00:07]} 31. Ke2 {[%emt 0:00:03]} exf3+ {
[%emt 0:00:04]} 32. Kxf3+ {[%emt 0:00:02]} Be5 {[%emt 0:00:08]} 33. Qg5+ {
[%emt 0:00:04]} Ke8 {[%emt 0:00:05]} 34. Qg6+ {[%emt 0:00:02]} Kd8 {[%emt 0:00:
03]} 35. c5 {[%emt 0:00:02]} Qf4+ {[%emt 0:00:12]} 36. Ke2 {[%emt 0:00:03]}
Qc4+ {[%emt 0:00:04]} 37. Kd1 {[%emt 0:00:01]} Ba4+ {[%emt 0:00:02]} 38. Kd2 {
[%emt 0:00:02]} Qc3+ {[%emt 0:00:04]} 39. Ke2 {[%emt 0:00:06]} Bb5+ {[%emt 0:
00:00]} 40. Kf2 {[%emt 0:00:02]} Bxf1 {[%emt 0:00:06]} 41. Kxf1 {[%emt 0:00:01]
} Rh1+ {[%emt 0:00:05]} 42. Kf2 {[%emt 0:00:01]} Qc2+ {[%emt 0:00:01]} 43. Kf3
{[%emt 0:00:02]} Qd3+ {[%emt 0:00:01]} 44. Re3 {[%emt 0:00:01]} Qxd5+ {[%emt 0:
00:02]} 45. Ke2 {[%emt 0:00:01]} Qxa2+ {[%emt 0:00:03]} 46. Kf3 {[%emt 0:00:01]
} Rf1# {[%emt 0:00:02]} 0-1

[Event "Benidorm Satellite preliminary"]
[Site "playchess.com #007036"]
[Date "2009.10.24"]
[Round "9"]
[White "Schachriese"]
[Black "Wun2"]
[Result "0-1"]
[WhiteElo "2530"]
[BlackElo "1875"]
[PlyCount "112"]
[EventDate "2009.10.24"]
[EventType "swiss (blitz)"]

1. e4 {[%emt 0:00:01]} e6 {[%emt 0:00:01]} 2. d4 {[%emt 0:00:01]} d5 {[%emt 0:
00:01]} 3. Nd2 {[%emt 0:00:01]} c5 {[%emt 0:00:02]} 4. Ngf3 {[%emt 0:00:01]}
cxd4 {[%emt 0:00:04]} 5. Nxd4 {[%emt 0:00:01]} Nc6 {[%emt 0:00:01]} 6. Bb5 {
[%emt 0:00:01]} Bd7 {[%emt 0:00:02]} 7. Bxc6 {[%emt 0:00:01]} bxc6 {[%emt 0:00:
01]} 8. O-O {[%emt 0:00:02]} Bd6 {[%emt 0:00:12]} 9. c4 {[%emt 0:00:06]} Ne7 {
[%emt 0:00:03]} 10. exd5 {[%emt 0:00:11]} cxd5 {[%emt 0:00:00]} 11. cxd5 {
[%emt 0:00:02]} Nxd5 {[%emt 0:00:02]} 12. Ne4 {[%emt 0:00:01]} Bc7 {[%emt 0:00:
05]} 13. Qg4 {[%emt 0:00:08]} O-O {[%emt 0:00:20]} 14. Bh6 {[%emt 0:00:09]} Be5
{[%emt 0:00:01]} 15. Bg5 {[%emt 0:00:59]} Qb6 {[%emt 0:00:31]} 16. Nf3 {[%emt
0:00:02]} Bxb2 {[%emt 0:00:18]} 17. Qh4 {[%emt 0:00:50]} Bxa1 {[%emt 0:00:06]}
18. Rxa1 {[%emt 0:00:02]} Qb2 {[%emt 0:00:01]} 19. Re1 {[%emt 0:00:05]} Rac8 {
[%emt 0:00:26]} 20. h3 {[%emt 0:00:19]} h6 {[%emt 0:00:05]} 21. Bd2 {[%emt 0:
00:12]} f5 {[%emt 0:00:42] '} 22. Nd6 {[%emt 0:00:02]} Rc6 {[%emt 0:00:07]} 23.
Nc4 {[%emt 0:00:02]} Qf6 {[%emt 0:00:09]} 24. Nce5 {[%emt 0:00:08]} Qxh4 {
[%emt 0:00:06]} 25. Nxh4 {[%emt 0:00:00]} Rd6 {[%emt 0:00:01]} 26. Bc1 {[%emt
0:00:09]} Bc8 {[%emt 0:00:06]} 27. Ba3 {[%emt 0:00:03]} Rfd8 {[%emt 0:00:01]}
28. Bxd6 {[%emt 0:00:03]} Rxd6 {[%emt 0:00:00]} 29. Rc1 {[%emt 0:00:01]} Bb7 {
[%emt 0:00:05]} 30. Rc7 {[%emt 0:00:01]} Nxc7 {[%emt 0:00:02]} 31. Nhg6 {[%emt
0:00:01]} Ra6 {[%emt 0:00:03]} 32. Nd7 {[%emt 0:00:02]} Rxa2 {[%emt 0:00:04]}
33. Nc5 {[%emt 0:00:01]} Bd5 {[%emt 0:00:02]} 34. Kh2 {[%emt 0:00:03]} Rxf2 {
[%emt 0:00:02]} 35. Kg3 {[%emt 0:00:00]} Rxg2+ {[%emt 0:00:01]} 36. Kf4 {[%emt
0:00:00]} Ne8 {[%emt 0:00:02]} 37. Ne7+ {[%emt 0:00:02]} Kh7 {[%emt 0:00:02]}
38. h4 {[%emt 0:00:01]} Nf6 {[%emt 0:00:02]} 39. Ke5 {[%emt 0:00:03]} Re2+ {
[%emt 0:00:01]} 40. Kf4 {[%emt 0:00:01]} Rh2 {[%emt 0:00:02]} 41. h5 {[%emt 0:
00:01]} Rxh5 {[%emt 0:00:01]} 42. Ke5 {[%emt 0:00:01]} Rh4 {[%emt 0:00:01]} 43.
Nc8 {[%emt 0:00:06]} a5 {[%emt 0:00:03]} 44. Nd6 {[%emt 0:00:02]} a4 {[%emt 0:
00:02]} 45. Nxa4 {[%emt 0:00:06]} Rxa4 {[%emt 0:00:04]} 46. Nf7 {[%emt 0:00:01]
} Re4+ {[%emt 0:00:02]} 47. Kd6 {[%emt 0:00:01]} f4 {[%emt 0:00:01]} 48. Ke7 {
[%emt 0:00:00]} f3 {[%emt 0:00:04]} 49. Kf8 {[%emt 0:00:02]} f2 {[%emt 0:00:03]
} 50. Nd6 {[%emt 0:00:01]} f1=Q {[%emt 0:00:02]} 51. Nf5 {[%emt 0:00:01]} Qa6 {
[%emt 0:00:05]} 52. Ne7 {[%emt 0:00:05]} Qa8+ {[%emt 0:00:03]} 53. Kf7 {[%emt
0:00:01]} e5+ {[%emt 0:00:01]} 54. Nxd5 {[%emt 0:00:01]} Qxd5+ {[%emt 0:00:01]}
55. Kf8 {[%emt 0:00:01]} Ra4 {[%emt 0:00:06]} 56. Ke7 {[%emt 0:00:01]} Ra7+ {
[%emt 0:00:00] Schachriese gibt auf} 0-1

[Event "Benidorm Satellite preliminary"]
[Site "playchess.com #007036"]
[Date "2009.10.24"]
[Round "9"]
[White "Came On"]
[Black "High_me"]
[Result "0-1"]
[WhiteElo "2627"]
[BlackElo "2525"]
[PlyCount "140"]
[EventDate "2009.10.24"]
[EventType "swiss (blitz)"]

1. d4 {[%emt 0:00:02]} Nf6 {[%emt 0:00:01]} 2. c4 {[%emt 0:00:01]} g6 {[%emt 0:
00:00]} 3. Nf3 {[%emt 0:00:01]} Bg7 {[%emt 0:00:00]} 4. g3 {[%emt 0:00:01]} O-O
{[%emt 0:00:00]} 5. Bg2 {[%emt 0:00:00]} d6 {[%emt 0:00:00]} 6. O-O {[%emt 0:
00:01]} Nc6 {[%emt 0:00:00]} 7. Nc3 {[%emt 0:00:01]} a6 {[%emt 0:00:00]} 8. Rb1
{[%emt 0:00:01]} Rb8 {[%emt 0:00:03]} 9. b4 {[%emt 0:00:02]} b5 {[%emt 0:00:02]
} 10. d5 {[%emt 0:00:25]} Na7 {[%emt 0:00:05]} 11. Be3 {[%emt 0:00:02]} Ra8 {
[%emt 0:00:08]} 12. Bxa7 {[%emt 0:00:03]} Rxa7 {[%emt 0:00:00]} 13. cxb5 {
[%emt 0:00:00]} axb5 {[%emt 0:00:02]} 14. Nxb5 {[%emt 0:00:00]} Rxa2 {[%emt 0:
00:03]} 15. e3 {[%emt 0:00:12]} Ba6 {[%emt 0:00:15]} 16. Nfd4 {[%emt 0:00:03]}
Qd7 {[%emt 0:00:07]} 17. Qb3 {[%emt 0:00:56]} Rd2 {[%emt 0:00:27]} 18. Qc3 {
[%emt 0:00:06]} Rxd4 {[%emt 0:00:58]} 19. Nxd4 {[%emt 0:00:02]} Bxf1 {[%emt 0:
00:00]} 20. Rxf1 {[%emt 0:00:01]} Ra8 {[%emt 0:00:24]} 21. b5 {[%emt 0:00:07]}
Ne8 {[%emt 0:00:11]} 22. Qc6 {[%emt 0:00:03]} Qxc6 {[%emt 0:00:04]} 23. Nxc6 {
[%emt 0:00:17]} Kf8 {[%emt 0:00:02]} 24. Rb1 {[%emt 0:00:02]} Ra1 {[%emt 0:00:
01]} 25. Rxa1 {[%emt 0:00:02]} Bxa1 {[%emt 0:00:00]} 26. Kf1 {[%emt 0:00:04]}
Nf6 {[%emt 0:00:02]} 27. Ke2 {[%emt 0:00:04]} Ng4 {[%emt 0:00:11]} 28. h3 {
[%emt 0:00:03]} Ne5 {[%emt 0:00:01]} 29. Nb4 {[%emt 0:00:01]} Bc3 {[%emt 0:00:
05]} 30. Na6 {[%emt 0:00:11]} Ba5 {[%emt 0:00:01]} 31. Be4 {[%emt 0:00:07]} Ke8
{[%emt 0:00:09]} 32. Bd3 {[%emt 0:00:03]} Kd8 {[%emt 0:00:08]} 33. f4 {[%emt 0:
00:05]} Nd7 {[%emt 0:00:03]} 34. Nb8 {[%emt 0:00:01]} Nxb8 {[%emt 0:00:01]} 35.
h4 {[%emt 0:00:05]} Nd7 {[%emt 0:00:04]} 36. g4 {[%emt 0:00:04]} Nf6 {[%emt 0:
00:01]} 37. g5 {[%emt 0:00:08]} Nxd5 {[%emt 0:00:01]} 38. h5 {[%emt 0:00:00]}
Bc3 {[%emt 0:00:03]} 39. Kf3 {[%emt 0:00:02]} Bd2 {[%emt 0:00:03]} 40. Be4 {
[%emt 0:00:04]} Nxe3 {[%emt 0:00:09]} 41. Ke2 {[%emt 0:00:01]} Bc1 {[%emt 0:00:
01]} 42. Kd3 {[%emt 0:00:06]} Nf5 {[%emt 0:00:01]} 43. hxg6 {[%emt 0:00:01]}
hxg6 {[%emt 0:00:01]} 44. Kc4 {[%emt 0:00:01]} Bxf4 {[%emt 0:00:01]} 45. Kd5 {
[%emt 0:00:01]} e6+ {[%emt 0:00:06]} 46. Kc6 {[%emt 0:00:01]} Nd4+ {[%emt 0:00:
01]} 47. Kb7 {[%emt 0:00:01]} Nxb5 {[%emt 0:00:01]} 48. Bg2 {[%emt 0:00:03]}
Bxg5 {[%emt 0:00:01]} 49. Kc6 {[%emt 0:00:01]} Nd4+ {[%emt 0:00:01]} 50. Kb7 {
[%emt 0:00:01]} Be3 {[%emt 0:00:01]} 51. Ka6 {[%emt 0:00:01]} f5 {[%emt 0:00:
01]} 52. Ka5 {[%emt 0:00:00]} d5 {[%emt 0:00:01]} 53. Kb4 {[%emt 0:00:00]} Kd7
{[%emt 0:00:02]} 54. Kc3 {[%emt 0:00:01]} c5 {[%emt 0:00:01]} 55. Kd3 {[%emt 0:
00:01]} Bf4 {[%emt 0:00:01]} 56. Bf1 {[%emt 0:00:01]} Kd6 {[%emt 0:00:01]} 57.
Kc3 {[%emt 0:00:01]} Be3 {[%emt 0:00:04]} 58. Ba6 {[%emt 0:00:00]} f4 {[%emt 0:
00:01]} 59. Kd3 {[%emt 0:00:01]} c4+ {[%emt 0:00:01]} 60. Kc3 {[%emt 0:00:02]}
g5 {[%emt 0:00:01]} 61. Bc8 {[%emt 0:00:03]} Kc5 {[%emt 0:00:01]} 62. Ba6 {
[%emt 0:00:03]} f3 {[%emt 0:00:01]} 63. Bxc4 {[%emt 0:00:01]} dxc4 {[%emt 0:00:
03]} 64. Kb2 {[%emt 0:00:00]} Kb4 {[%emt 0:00:02]} 65. Ka2 {[%emt 0:00:01]} f2
{[%emt 0:00:01]} 66. Kb1 {[%emt 0:00:00]} f1=Q+ {[%emt 0:00:02]} 67. Ka2 {
[%emt 0:00:00]} Qe2+ {[%emt 0:00:01]} 68. Kb1 {[%emt 0:00:01]} Qd1+ {[%emt 0:
00:01]} 69. Ka2 {[%emt 0:00:01]} Qc2+ {[%emt 0:00:01]} 70. Ka1 {[%emt 0:00:01]}
Nb3# {[%emt 0:00:01]} 0-1

[Event "Benidorm Satellite preliminary"]
[Site "playchess.com #007036"]
[Date "2009.10.24"]
[Round "9"]
[White "Nußhardt"]
[Black "Pupu"]
[Result "0-1"]
[WhiteElo "1687"]
[BlackElo "1993"]
[PlyCount "112"]
[EventDate "2009.10.24"]
[EventType "swiss (blitz)"]

1. d4 {[%emt 0:00:05]} f5 {[%emt 0:00:01]} 2. e4 {[%emt 0:00:02]} d6 {[%emt 0:
00:03]} 3. f3 {[%emt 0:00:01]} g6 {[%emt 0:00:04]} 4. Bd3 {[%emt 0:00:02]} fxe4
{[%emt 0:00:03]} 5. fxe4 {[%emt 0:00:02]} Bg7 {[%emt 0:00:01]} 6. c3 {[%emt 0:
00:04]} Nf6 {[%emt 0:00:01]} 7. Nf3 {[%emt 0:00:03]} O-O {[%emt 0:00:02]} 8.
O-O {[%emt 0:00:04]} Nc6 {[%emt 0:00:02]} 9. Bg5 {[%emt 0:00:06]} e5 {[%emt 0:
00:08]} 10. d5 {[%emt 0:00:03]} Ne7 {[%emt 0:00:02]} 11. Qd2 {[%emt 0:00:04]}
Bd7 {[%emt 0:00:08]} 12. Bh6 {[%emt 0:00:02]} Nh5 {[%emt 0:00:12]} 13. Bxg7 {
[%emt 0:00:03]} Kxg7 {[%emt 0:00:04]} 14. Ng5 {[%emt 0:00:05]} Ng8 {[%emt 0:00:
11]} 15. Rxf8 {[%emt 0:00:07]} Qxf8 {[%emt 0:00:02]} 16. Qe3 {[%emt 0:00:03]}
Qf4 {[%emt 0:00:10]} 17. Qxf4 {[%emt 0:00:07]} Nxf4 {[%emt 0:00:02]} 18. Bc2 {
[%emt 0:00:04]} h6 {[%emt 0:00:08]} 19. Nf3 {[%emt 0:00:04]} Nf6 {[%emt 0:00:
14]} 20. Nbd2 {[%emt 0:00:02]} Ng4 {[%emt 0:00:02]} 21. h3 {[%emt 0:00:06]} Ne3
{[%emt 0:00:05]} 22. Bd1 {[%emt 0:00:07]} Nexg2 {[%emt 0:00:03]} 23. c4 {[%emt
0:00:12]} Ne3 {[%emt 0:00:03]} 24. b3 {[%emt 0:00:05]} Nxh3+ {[%emt 0:00:04]}
25. Kh2 {[%emt 0:00:10]} Nf4 {[%emt 0:00:08]} 26. Nf1 {[%emt 0:00:06]} Nxf1+ {
[%emt 0:00:04]} 27. Kg1 {[%emt 0:00:07]} Ne3 {[%emt 0:00:02]} 28. Kf2 {[%emt 0:
00:02]} Nxd1+ {[%emt 0:00:01]} 29. Rxd1 {[%emt 0:00:03]} Rf8 {[%emt 0:00:02]}
30. Ke3 {[%emt 0:00:02]} g5 {[%emt 0:00:07]} 31. Rg1 {[%emt 0:00:06]} Kg6 {
[%emt 0:00:13]} 32. b4 {[%emt 0:00:09]} Nh3 {[%emt 0:00:18]} 33. Rg3 {[%emt 0:
00:06]} h5 {[%emt 0:00:11]} 34. c5 {[%emt 0:00:11]} g4 {[%emt 0:00:12]} 35. Nd2
{[%emt 0:00:09]} Kg5 {[%emt 0:00:06]} 36. Nc4 {[%emt 0:00:05]} Rf6 {[%emt 0:00:
04]} 37. Na5 {[%emt 0:00:07]} b6 {[%emt 0:00:05]} 38. Nc4 {[%emt 0:00:14]} bxc5
{[%emt 0:00:06]} 39. bxc5 {[%emt 0:00:04]} h4 {[%emt 0:00:03]} 40. Rg1 {[%emt
0:00:04]} Bb5 {[%emt 0:00:06]} 41. Nd2 {[%emt 0:00:12]} dxc5 {[%emt 0:00:06]}
42. Rc1 {[%emt 0:00:03]} c4 {[%emt 0:00:06]} 43. a4 {[%emt 0:00:06]} Ba6 {
[%emt 0:00:05]} 44. Nxc4 {[%emt 0:00:07]} Bxc4 {[%emt 0:00:01]} 45. Rxc4 {
[%emt 0:00:02]} Rf7 {[%emt 0:00:03]} 46. Rc5 {[%emt 0:00:14]} g3 {[%emt 0:00:
03]} 47. Rc2 {[%emt 0:00:03]} Nf2 {[%emt 0:00:03]} 48. Rc1 {[%emt 0:00:11]} g2
{[%emt 0:00:01]} 49. Rg1 {[%emt 0:00:04]} h3 {[%emt 0:00:01]} 50. a5 {[%emt 0:
00:04]} Kg4 {[%emt 0:00:01]} 51. a6 {[%emt 0:00:03]} Kg3 {[%emt 0:00:01]} 52.
d6 {[%emt 0:00:03]} cxd6 {[%emt 0:00:02]} 53. Rd1 {[%emt 0:00:01]} h2 {[%emt 0:
00:02]} 54. Rxd6 {[%emt 0:00:02]} Ng4+ {[%emt 0:00:03]} 55. Kd3 {[%emt 0:00:03]
} h1=Q {[%emt 0:00:03]} 56. Rg6 {[%emt 0:00:03]} Qd1+ {[%emt 0:00:02] Zeit} 0-1